[Event "Aust Junior Open "]
[Site "Perth "]
[Date "2004.01.15"]
[Round "3.10"]
[White "Rozells, Nathan"]
[Black "Zvedeniouk, Ilia"]
[Result "0-1"]
[WhiteElo "1497"]
[BlackElo "1922"]
[PlyCount "98"]
[EventDate "2004.01.14"]
[EventType "swiss"]
[EventRounds "11"]
[EventCountry "AUS"]

1. e4 e6 2. d4 d5 3. Nd2 dxe4 4. Nxe4 Nd7 5. Nf3 Ngf6 6. Bg5 Be7 7. Nxf6+ Bxf6
8. Bxf6 Nxf6 9. Bd3 b6 10. Qe2 O-O 11. O-O Bb7 12. Rad1 Qe7 13. c3 Rfd8 14.
Rfe1 c5 15. dxc5 Qxc5 16. Ne5 Qe7 17. c4 Rd6 18. Bc2 Rad8 19. Rxd6 Rxd6 20. b3
Qd8 21. Rd1 Rxd1+ 22. Qxd1 Qxd1+ 23. Bxd1 Ne4 24. Bf3 f6 25. Nd3 Kf7 26. h4 Ke7
27. g3 Kd6 28. Bg2 a5 29. a3 Bc6 30. Bf1 Nd2 31. Nc1 Nf3+ 32. Kg2 Nxh4+ 33. Kh3
Nf3 34. Bd3 f5 35. g4 Ke5 36. Ne2 g6 37. Kg3 Be4 38. Bxe4 fxe4 39. Nc3 Nd2 40.
Na4 Nxb3 41. Nxb6 g5 42. Nd7+ Kd4 43. Nf6 h6 44. Ng8 Ke5 45. Nxh6 Kf6 46. Ng8+
Ke5 47. Nh6 Kf6 48. Ng8+ Kf7 49. Nh6+ Kg7 0-1

[Event "Aust Junior Open "]
[Site "Perth "]
[Date "2004.01.15"]
[Round "3.11"]
[White "Wei, Michael"]
[Black "Holland, Denis"]
[Result "1-0"]
[WhiteElo "1870"]
[BlackElo "1531"]
[PlyCount "53"]
[EventDate "2004.01.14"]
[EventType "swiss"]
[EventRounds "11"]
[EventCountry "AUS"]

1. e4 e5 2. Nf3 Nc6 3. d4 exd4 4. Nxd4 Bc5 5. Nxc6 Qf6 6. Qd2 dxc6 7. Nc3 Bd7
8. Bd3 Bb4 9. O-O Bxc3 10. bxc3 O-O-O 11. Rb1 Be6 12. Qe2 Kb8 13. a4 a5 14. Bd2
Ka8 15. c4 b6 16. c5 Rb8 17. cxb6 cxb6 18. Qe3 c5 19. Bxa5 Ka7 20. Rxb6 Rxb6
21. Qxc5 Ba2 22. Bc3 Qe6 23. a5 Nf6 24. Ra1 Qc6 25. axb6+ Qxb6 26. Rxa2+ Kb7
27. Rb2 1-0

[Event "Aust Junior Open "]
[Site "Perth "]
[Date "2004.01.15"]
[Round "3.12"]
[White "Levin, Joshua"]
[Black "Stojic, Dusan"]
[Result "0-1"]
[WhiteElo "1464"]
[BlackElo "1863"]
[PlyCount "38"]
[EventDate "2004.01.14"]
[EventType "swiss"]
[EventRounds "11"]
[EventCountry "AUS"]

1. e4 c5 2. Nc3 d6 3. g3 Nc6 4. Bg2 g6 5. d3 Bg7 6. Be3 e6 7. Nge2 Nd4 8. Qd2
Ne7 9. Bh6 Bxh6 10. Qxh6 Nxc2+ 11. Kd2 Nxa1 12. Rxa1 Bd7 13. Qg7 Rg8 14. Qh6
Bc6 15. Nf4 Qb6 16. Kc1 c4 17. Bh3 Qxf2 18. Bxe6 fxe6 19. Nxe6 cxd3 0-1

[Event "Aust Junior Open "]
[Site "Perth "]
[Date "2004.01.15"]
[Round "3.13"]
[White "Xie, Ken"]
[Black "Donaldson, Thomas"]
[Result "1-0"]
[WhiteElo "1802"]
[BlackElo "1520"]
[PlyCount "60"]
[EventDate "2004.01.14"]
[EventType "swiss"]
[EventRounds "11"]
[EventCountry "AUS"]

1. e4 Nf6 2. e5 Nd5 3. d4 d6 4. Nf3 g6 5. Bc4 Nb6 6. Bb3 Bg7 7. c3 Nc6 8. Qe2
a5 9. a4 O-O 10. h3 Bf5 11. e6 Bxe6 12. Bxe6 fxe6 13. Qxe6+ Kh8 14. O-O Qc8 15.
Re1 Qxe6 16. Rxe6 Rf6 17. Re2 Re8 18. Na3 e5 19. dxe5 Rfe6 20. Nb5 Bxe5 21.
Nxc7 Bh2+ 22. Kf1 Rxe2 23. Nxe8 Rxe8 24. Nxh2 Re4 25. b3 d5 26. Nf3 d4 27. cxd4
Nd5 28. Bb2 Kg7 29. Rc1 Ndb4 30. d5+ Kf7 1-0

[Event "Aust Junior Open "]
[Site "Perth "]
[Date "2004.01.15"]
[Round "3.14"]
[White "Muthusamy, Reubban"]
[Black "Song, Raymond"]
[Result "0-1"]
[WhiteElo "1389"]
[BlackElo "1790"]
[PlyCount "32"]
[EventDate "2004.01.14"]
[EventType "swiss"]
[EventRounds "11"]
[EventCountry "AUS"]

1. d4 Nf6 2. c4 c5 3. d5 b5 4. Nf3 g6 5. cxb5 a6 6. Qc2 axb5 7. Qxc5 e6 8. Qd4
exd5 9. Bg5 Be7 10. Bxf6 Bxf6 11. Qe3+ Kf8 12. Qc5+ Kg7 13. Qxb5 Nc6 14. Nc3
Rb8 15. Qxd5 Rxb2 16. Ne4 Nb4 0-1

[Event "Aust Junior Open "]
[Site "Perth "]
[Date "2004.01.15"]
[Round "3.15"]
[White "Cronan, James"]
[Black "Sreetharan, Kishore"]
[Result "1-0"]
[WhiteElo "1760"]
[BlackElo "1509"]
[PlyCount "53"]
[EventDate "2004.01.14"]
[EventType "swiss"]
[EventRounds "11"]
[EventCountry "AUS"]

1. c4 e5 2. Nc3 d6 3. e3 f5 4. d4 Nf6 5. b4 e4 6. Bb2 Be7 7. Qb3 c6 8. O-O-O
Be6 9. f3 b6 10. Nh3 a5 11. a3 d5 12. Kb1 Na6 13. Nf4 Bf7 14. bxa5 bxa5 15.
cxd5 g5 16. Ne6 Bxe6 17. dxe6 O-O 18. d5 Nc5 19. Qc4 exf3 20. gxf3 cxd5 21.
Nxd5 Nxd5 22. Rxd5 Qb6 23. Rg1 Rab8 24. Rg2 Nxe6 25. Rb5 Qd6 26. Rd2 Qa6 27.
Rxb8 1-0

[Event "Aust Junior Open "]
[Site "Perth "]
[Date "2004.01.15"]
[Round "3.16"]
[White "Kimura, Toshi"]
[Black "Kaspar, Ric"]
[Result "0-1"]
[WhiteElo "1723"]
[BlackElo "1436"]
[PlyCount "88"]
[EventDate "2004.01.14"]
[EventType "swiss"]
[EventRounds "11"]
[EventCountry "AUS"]

1. Nf3 Nf6 2. g3 c5 3. Bg2 d5 4. d3 e6 5. O-O Bd6 6. Nc3 Bd7 7. e4 Nc6 8. Re1
Be7 9. e5 Ng4 10. h3 d4 11. Nb1 Nh6 12. Bxh6 gxh6 13. Qd2 Qb6 14. c3 O-O-O 15.
Na3 Na5 16. Rab1 Kb8 17. cxd4 c4 18. Nc2 cxd3 19. Qxd3 Bb5 20. Qd2 Rc8 21. Ne3
Nc4 22. Nxc4 Bxc4 23. a3 Bd5 24. Rbc1 Rxc1 25. Rxc1 Bxf3 26. Bxf3 Bg5 27. Qc2
Bxc1 28. Qxc1 Qxd4 29. Qxh6 Qxe5 30. Qd2 Qc7 31. Kg2 Rd8 32. Qh6 Qc2 33. Qg7
Rd7 34. Qh8+ Kc7 35. Qe5+ Kb6 36. b4 a6 37. Qe3+ Kb5 38. Be4 Qc4 39. Bf3 Ka4
40. Qb6 Qb5 41. Qe3 Rd3 42. Qe4 Rxf3 43. Qxf3 Qd5 44. h4 Qxf3+ 0-1

[Event "Aust Junior Open "]
[Site "Perth "]
[Date "2004.01.15"]
[Round "3.18"]
[White "Ferris, Shaun"]
[Black "Wallis, Christopher"]
[Result "1-0"]
[WhiteElo "1641"]
[BlackElo "1430"]
[PlyCount "23"]
[EventDate "2004.01.14"]
[EventType "swiss"]
[EventRounds "11"]
[EventCountry "AUS"]

1. c4 e6 2. Nf3 d5 3. b3 Nf6 4. g3 Bc5 5. Bg2 c6 6. Bb2 Nbd7 7. O-O Bd6 8. d3
O-O 9. Nbd2 a5 10. a3 Qe7 11. Nh4 Bc5 12. Re1 {...} 1-0

[Event "Aust Junior Open "]
[Site "Perth "]
[Date "2004.01.15"]
[Round "3.19"]
[White "Tse, Jeffrey"]
[Black "Chapman, Mark"]
[Result "1/2-1/2"]
[WhiteElo "1337"]
[BlackElo "1639"]
[PlyCount "125"]
[EventDate "2004.01.14"]
[EventType "swiss"]
[EventRounds "11"]
[EventCountry "AUS"]

1. e4 c5 2. Nf3 d6 3. Bb5+ Bd7 4. Bxd7+ Nxd7 5. O-O Ngf6 6. Re1 Qc7 7. c3 Rc8
8. Na3 a6 9. d4 e5 10. d5 c4 11. Bg5 Be7 12. Nd2 b5 13. Nc2 h6 14. Bxf6 Bxf6
15. Nb4 a5 16. Nc6 Nb8 17. Nxb8 Rxb8 18. Qc2 O-O 19. a4 b4 20. cxb4 Rxb4 21.
Nb1 Rfb8 22. Ra2 Qb6 23. Re2 Qd4 24. Rd2 Qc5 25. Nc3 Bd8 26. Nb5 Rb3 27. Ra3
R8xb5 28. axb5 Rxa3 29. bxa3 Qxb5 30. Qb2 Qb6 31. Qxb6 Bxb6 32. Rc2 Bc5 33. a4
Kh7 34. Rxc4 Kg6 35. Kf1 Kg5 36. f3 Bd4 37. g3 f5 38. f4+ Kf6 39. fxe5+ Kxe5
40. exf5 Kxd5 41. Rc1 h5 42. Ke2 Ke4 43. Rf1 Be5 44. Rf2 d5 45. Rf3 Kd4 46.
Rd3+ Kc4 47. h3 d4 48. g4 hxg4 49. hxg4 Kb4 50. g5 Kxa4 51. Rf3 Kb4 52. f6 gxf6
53. gxf6 Bd6 54. Kd2 Kc4 55. f7 Bf8 56. Kc2 a4 57. Rh3 a3 58. Rh8 d3+ 59. Kd2
Bb4+ 60. Kd1 a2 61. Ra8 Kb3 62. f8=Q Bxf8 63. Rxa2 1/2-1/2

[Event "Aust Junior Open "]
[Site "Perth "]
[Date "2004.01.15"]
[Round "3.20"]
[White "Yu, Chris"]
[Black "Colic, Igor"]
[Result "0-1"]
[WhiteElo "1589"]
[BlackElo "1332"]
[PlyCount "110"]
[EventDate "2004.01.14"]
[EventType "swiss"]
[EventRounds "11"]
[EventCountry "AUS"]

1. Nf3 Nf6 2. d4 g6 3. e3 Bg7 4. Bd3 d6 5. c4 c5 6. b3 O-O 7. Bb2 Nc6 8. Nbd2
Nb4 9. Qe2 Bd7 10. O-O a6 11. Rfd1 Rb8 12. Nf1 Qc7 13. Ng3 b5 14. dxc5 dxc5 15.
Be5 Qb6 16. Bxb8 Qxb8 17. Rac1 Nxd3 18. Qxd3 b4 19. Rd2 Bc6 20. e4 Bh6 21. Rcd1
Bxd2 22. Rxd2 Qf4 23. Re2 h5 24. Qd2 Qxd2 25. Nxd2 Rd8 26. f3 Rd3 27. Ngf1 h4
28. g4 Nh7 29. Ne3 Ng5 30. Kf1 e6 31. Kg2 a5 32. Nef1 a4 33. Rf2 h3+ 34. Kg1
axb3 35. axb3 f5 36. gxf5 exf5 37. exf5 Nxf3+ 38. Nxf3 Bxf3 39. Nd2 Bd1 40.
fxg6 Bxb3 41. Nxb3 Rxb3 42. Rf5 Rb2 43. Rxc5 Rg2+ 44. Kh1 Rc2 45. Kg1 b3 46.
Rb5 b2 47. c5 Rc1+ 48. Kf2 b1=Q 49. Rxb1 Rxb1 50. Ke3 Kg7 51. Kd4 Kxg6 52. Ke5
Kg5 53. c6 Rc1 54. Kd6 Kf4 55. c7 Kf3 0-1

[Event "Aust Junior Open "]
[Site "Perth "]
[Date "2004.01.15"]
[Round "3.22"]
[White "Vishwanath, Ganesh"]
[Black "Beltrami, Matthew"]
[Result "1-0"]
[WhiteElo "1551"]
[BlackElo "1208"]
[PlyCount "101"]
[EventDate "2004.01.14"]
[EventType "swiss"]
[EventRounds "11"]
[EventCountry "AUS"]

1. Nf3 Nf6 2. d4 g6 3. Bg5 Bg7 4. Nbd2 d6 5. e4 Nbd7 6. Bc4 c5 7. c3 O-O 8. O-O
Rb8 9. a4 Nb6 10. Bb3 Bg4 11. Qe2 cxd4 12. cxd4 Rc8 13. h3 Bh5 14. g4 Nxg4 15.
hxg4 Bxg4 16. Qe3 Qd7 17. Kh2 d5 18. e5 f6 19. Bh6 Qf5 20. Bxg7 Qh5+ 21. Kg1
Kxg7 22. Nh2 e6 23. f4 Qf5 24. Rac1 Bh3 25. Rfe1 fxe5 26. Qxe5+ Qxe5 27. fxe5
Bf5 28. Rc3 g5 29. Rec1 Rxc3 30. bxc3 Rc8 31. a5 Nc4 32. Nxc4 dxc4 33. Bc2 Bxc2
34. Rxc2 Rc7 35. Rd2 Rd7 36. Nf1 Rd5 37. Ne3 Rxa5 38. Nxc4 Rd5 39. Nd6 b5 40.
Rb2 h5 41. Nxb5 Rd7 42. Ra2 g4 43. Rxa7 Rxa7 44. Nxa7 Kf7 45. c4 h4 46. c5 Ke7
47. c6 Kd8 48. Nb5 g3 49. c7+ Kc8 50. d5 exd5 51. e6 1-0

[Event "Aust Junior Open "]
[Site "Perth "]
[Date "2004.01.15"]
[Round "3.23"]
[White "van Heerden, Daniel"]
[Black "Chu, Louis"]
[Result "0-1"]
[WhiteElo "1532"]
[BlackElo "1125"]
[PlyCount "102"]
[EventDate "2004.01.14"]
[EventType "swiss"]
[EventRounds "11"]
[EventCountry "AUS"]

1. c4 Nf6 2. Nc3 d5 3. cxd5 Nxd5 4. g3 Nxc3 5. bxc3 g6 6. Bg2 Bg7 7. d4 c5 8.
e3 O-O 9. Rb1 Nc6 10. Ba3 cxd4 11. cxd4 Qa5+ 12. Bb4 Nxb4 13. Kf1 Nc6 14. Ne2
Qxa2 15. h4 Qa5 16. h5 Nxd4 17. Nxd4 Qa6+ 18. Kg1 Rd8 19. Qb3 Bxd4 20. exd4 Qb6
21. Qxb6 axb6 22. Rh4 Rd6 23. Re4 Bf5 24. Ree1 Bxb1 25. Rxb1 e6 26. Bxb7 Ra4
27. Kg2 Raxd4 28. Rb5 Kf8 29. Bf3 Ke7 30. g4 Kd8 31. Kg3 Kc7 32. Bg2 R4d5 33.
Bxd5 Rxd5 34. Rb2 Kc6 35. Kf3 Rc5 36. Ke4 b5 37. f4 f5+ 38. gxf5 gxf5+ 39. Kd3
Rc4 40. Re2 Re4 41. Rxe4 fxe4+ 42. Kxe4 b4 43. Kd4 b3 44. Kc3 Kd5 45. Kxb3 Ke4
46. Kc2 Kxf4 47. Kd2 Kf3 48. Ke1 Ke3 49. Kd1 e5 50. Ke1 e4 51. Kd1 Kf2 0-1

[Event "Aust Junior Open "]
[Site "Perth "]
[Date "2004.01.15"]
[Round "3.24"]
[White "Haselgrove, Miles"]
[Black "Martin, Richard"]
[Result "1/2-1/2"]
[WhiteElo "1434"]
[BlackElo "1237"]
[PlyCount "57"]
[EventDate "2004.01.14"]
[EventType "swiss"]
[EventRounds "11"]
[EventCountry "AUS"]

1. e4 e5 2. Nf3 Nc6 3. Bb5 a6 4. Ba4 Nf6 5. O-O Nxe4 6. Re1 Nc5 7. Nxe5 Nxe5 8.
Rxe5+ Ne6 9. d4 Be7 10. c3 b5 11. Bc2 d6 12. Re1 Bb7 13. Nd2 c5 14. Nf1 O-O 15.
Ng3 cxd4 16. cxd4 Bf6 17. Be3 d5 18. Nf5 g6 19. Nh6+ Kh8 20. Ng4 Bg7 21. f4 f5
22. Ne5 Qd6 23. Qd2 Rac8 24. Rac1 Kg8 25. Bb3 Rxc1 26. Rxc1 Rc8 27. Rxc8+ Bxc8
28. Qc3 Bb7 29. g3 1/2-1/2

[Event "Aust Junior Open "]
[Site "Perth "]
[Date "2004.01.15"]
[Round "3.25"]
[White "Scott, Christopher"]
[Black "Guzel, Adam"]
[Result "1/2-1/2"]
[WhiteElo "857"]
[BlackElo "1346"]
[PlyCount "76"]
[EventDate "2004.01.14"]
[EventType "swiss"]
[EventRounds "11"]
[EventCountry "AUS"]

1. e4 e5 2. Nf3 Nc6 3. d4 exd4 4. Nxd4 Bc5 5. Nxc6 Qf6 6. Qe2 dxc6 7. Nc3 Be6
8. Be3 Ba3 9. Bc1 Qd4 10. Qd3 Bc5 11. Qxd4 Bxd4 12. Bd2 Rd8 13. Bd3 Ne7 14. f3
O-O 15. O-O-O Rd7 16. f4 f6 17. f5 Bf7 18. g4 Bxc3 19. Bxc3 Rfd8 20. h4 Bxa2
21. Rh3 Bf7 22. g5 Nc8 23. gxf6 Nd6 24. Re3 Nc4 25. Ree1 g6 26. fxg6 hxg6 27.
e5 Be6 28. Rg1 Ne3 29. Rxg6+ Kf8 30. Rd2 Bf5 31. Bxf5 Nxf5 32. Rxd7 Rxd7 33.
Bb4+ Kf7 34. Rg5 Ke6 35. h5 Kxe5 36. Bc3+ Ke6 37. b3 b6 38. Kb2 Rd5 1/2-1/2

[Event "Aust Junior Open "]
[Site "Perth "]
[Date "2004.01.15"]
[Round "3.26"]
[White "van Dijk, Devrim"]
[Black "McGowan, Daniel"]
[Result "1/2-1/2"]
[WhiteElo "1530"]
[BlackElo "948"]
[PlyCount "23"]
[EventDate "2004.01.14"]
[EventType "swiss"]
[EventRounds "11"]
[EventCountry "AUS"]

1. e4 e5 2. Nf3 d6 3. c3 Nf6 4. Be2 g6 5. O-O Bg7 6. Bb5+ Nc6 7. Re1 O-O 8.
Bxc6 bxc6 9. d4 exd4 10. cxd4 Re8 11. Nc3 Bb7 12. Bf4 {...} 1/2-1/2

[Event "Aust Junior Open "]
[Site "Perth "]
[Date "2004.01.15"]
[Round "3.28"]
[White "Ung, Josephine"]
[Black "Maguire, Jesse"]
[Result "0-1"]
[WhiteElo "332"]
[BlackElo "1321"]
[PlyCount "92"]
[EventDate "2004.01.14"]
[EventType "swiss"]
[EventRounds "11"]
[EventCountry "AUS"]

1. d4 d5 2. Nf3 c6 3. Bf4 Nf6 4. e3 Bg4 5. Nbd2 e6 6. Bd3 Qb6 7. Qc1 Nbd7 8. h3
Bh5 9. c3 h6 10. Be5 O-O-O 11. Bxf6 Nxf6 12. Be2 Bd6 13. Bd3 Nd7 14. e4 dxe4
15. Nxe4 Bc7 16. O-O Bxf3 17. gxf3 Qa5 18. Kg2 Qh5 19. Rh1 f5 20. Ng3 Qf7 21.
Qd2 g5 22. Rae1 h5 23. Qxg5 Rdg8 24. Qe3 f4 25. Qe2 fxg3 26. fxg3 Rxg3+ 27. Kf2
Rhg8 28. Reg1 Qg7 29. Qf1 Qf6 30. Be2 Qh4 31. Rxg3 Rxg3 32. Ke3 Qf4+ 33. Kd3 e5
34. Kc2 exd4 35. Kd3 Qe3+ 36. Kc2 d3+ 37. Bxd3 Rxf3 38. Qe2 Rf2 39. Re1 Rxe2+
40. Rxe2 Qxh3 41. Re8+ Bd8 42. Rh8 Nc5 43. Rg8 Qxd3+ 44. Kc1 Qe2 45. Rg1 Nd3+
46. Kb1 Qxb2# 0-1

[Event "Aust Junior Open "]
[Site "Perth "]
[Date "2004.01.16"]
[Round "4.1"]
[White "Chow, Sam"]
[Black "Huang, Justin"]
[Result "1/2-1/2"]
[WhiteElo "2130"]
[BlackElo "1596"]
[PlyCount "54"]
[EventDate "2004.01.14"]
[EventType "swiss"]
[EventRounds "11"]
[EventCountry "AUS"]

1. e4 c6 2. d4 d5 3. exd5 cxd5 4. c4 Nc6 5. Nc3 Nf6 6. Bg5 Bg4 7. Qa4 e6 8.
cxd5 exd5 9. Bb5 Qd6 10. Bxf6 gxf6 11. Nge2 Bh6 12. O-O O-O 13. Ng3 f5 14. Be2
Qd7 15. f4 Rae8 16. Rad1 Re3 17. Qc2 Ne7 18. Rd3 Bxe2 19. Ncxe2 Rxd3 20. Qxd3
Rc8 21. Nc3 Bg7 22. Nge2 Rc4 23. b3 Rb4 24. Nd1 Qb5 25. Rf3 Bxd4+ 26. Kf1 Qxd3
27. Rxd3 Bf6 1/2-1/2

[Event "Aust Junior Open "]
[Site "Perth "]
[Date "2004.01.16"]
[Round "4.2"]
[White "Lugo, Ruperto"]
[Black "Bourmistrov, Denis"]
[Result "0-1"]
[WhiteElo "1697"]
[BlackElo "2030"]
[PlyCount "78"]
[EventDate "2004.01.14"]
[EventType "swiss"]
[EventRounds "11"]
[EventCountry "AUS"]

1. d4 g6 2. e4 d6 3. Nc3 Nf6 4. Be3 c6 5. Qd2 Nbd7 6. Nf3 b5 7. Bd3 Nb6 8. b3
Qc7 9. O-O Bg7 10. Bh6 O-O 11. Bxg7 Kxg7 12. h3 e5 13. dxe5 dxe5 14. Qe3 Re8
15. Rfd1 Nh5 16. Bf1 a6 17. Qc5 Nd7 18. Qd6 Qb6 19. Ne2 Re6 20. Qd3 Re8 21. c4
Nc5 22. Qc2 b4 23. g4 Nf6 24. Ng3 Nfd7 25. Qd2 h6 26. Qe3 Rb8 27. Nh4 Nf8 28.
Rd6 f6 29. Kh2 Be6 30. Be2 Ncd7 31. Qxb6 Rxb6 32. Rc1 Nc5 33. Ng2 Kf7 34. Ne3
Ke7 35. Rd2 a5 36. Nd5+ cxd5 37. cxd5 Ncd7 38. dxe6 Nxe6 39. Rc7 Nxc7 0-1

[Event "Aust Junior Open "]
[Site "Perth "]
[Date "2004.01.16"]
[Round "4.3"]
[White "Oliver, Gareth"]
[Black "Ly, Moulthun"]
[Result "1/2-1/2"]
[WhiteElo "1844"]
[BlackElo "1646"]
[PlyCount "35"]
[EventDate "2004.01.14"]
[EventType "swiss"]
[EventRounds "11"]
[EventCountry "AUS"]

1. d4 e6 2. Nf3 c5 3. c3 Nc6 4. Bf4 Nf6 5. e3 d5 6. Bd3 Bd6 7. Bg3 Ne4 8. Nbd2
f5 9. Bxe4 fxe4 10. Bxd6 Qxd6 11. Ng5 cxd4 12. cxd4 O-O 13. a3 h6 14. Nh3 e5
15. dxe5 Qxe5 16. Nf4 Qxb2 17. O-O Rd8 18. Qe2 1/2-1/2

[Event "Aust Junior Open "]
[Site "Perth "]
[Date "2004.01.16"]
[Round "4.4"]
[White "Suttor, Vincent"]
[Black "Hu, Jason"]
[Result "1/2-1/2"]
[WhiteElo "1828"]
[BlackElo "1590"]
[PlyCount "80"]
[EventDate "2004.01.14"]
[EventType "swiss"]
[EventRounds "11"]
[EventCountry "AUS"]

1. d4 d5 2. c4 Nc6 3. Nc3 dxc4 4. Nf3 Bg4 5. d5 Bxf3 6. exf3 Na5 7. Qa4+ c6 8.
Bxc4 Nxc4 9. Qxc4 cxd5 10. Qxd5 Qxd5 11. Nxd5 O-O-O 12. Nc3 e6 13. Be3 Kb8 14.
Ke2 Bb4 15. Ne4 Nf6 16. Bf4+ Ka8 17. Nxf6 gxf6 18. Rhd1 e5 19. Bh6 Be7 20. g4
Kb8 21. f4 Rhe8 22. fxe5 Bd6 23. Bf4 fxe5 24. Bg5 Rd7 25. Rd5 Rc8 26. Rd2 Rg8
27. h4 Rg6 28. Rad1 b6 29. f3 Re6 30. Rd5 f6 31. Bh6 Rd8 32. g5 fxg5 33. Bxg5
Rd7 34. Kd3 e4+ 35. fxe4 Rf7 36. Rf5 Rd7 37. Rd5 Rf7 38. Rd4 Bc5 39. Rc4 Rf3+
40. Kc2 h6 {...} 1/2-1/2

[Event "Aust Junior Open "]
[Site "Perth "]
[Date "2004.01.16"]
[Round "4.5"]
[White "Lattimore, Tor"]
[Black "Jager, Jesse"]
[Result "1/2-1/2"]
[WhiteElo "1765"]
[BlackElo "1598"]
[PlyCount "65"]
[EventDate "2004.01.14"]
[EventType "swiss"]
[EventRounds "11"]
[EventCountry "AUS"]

1. e4 c5 2. Nf3 e6 3. Nc3 a6 4. g3 b5 5. d4 cxd4 6. Nxd4 Bb7 7. Bg2 Nf6 8. a3
b4 9. axb4 Bxb4 10. Qd3 Qc7 11. O-O Nc6 12. Qc4 Bd6 13. Nxc6 Qxc6 14. Qxc6 Bxc6
15. Re1 Be5 16. Bd2 Bd4 17. h3 O-O 18. e5 Bxg2 19. Kxg2 Bxc3 20. Bxc3 Nd5 21.
Bd2 Rfc8 22. Rec1 Ne7 23. Ra4 Rc6 24. Rd4 Ra7 25. Ra4 h6 26. c4 Rb7 27. Bc3 Rb3
28. Rd1 Rb7 29. Rd6 Rbc7 30. Rxa6 Rxc4 31. Ra8+ Kh7 32. Rd8 Nd5 33. R6xd7
1/2-1/2

[Event "Aust Junior Open "]
[Site "Perth "]
[Date "2004.01.16"]
[Round "4.6"]
[White "Yu, Michael"]
[Black "Oliver, Shannon"]
[Result "1/2-1/2"]
[WhiteElo "1736"]
[BlackElo "1580"]
[PlyCount "79"]
[EventDate "2004.01.14"]
[EventType "swiss"]
[EventRounds "11"]
[EventCountry "AUS"]

1. e4 c5 2. Nf3 d6 3. d4 cxd4 4. Nxd4 Nf6 5. Nc3 g6 6. Be3 Bg7 7. f3 O-O 8. Qd2
Nc6 9. Bc4 Bd7 10. O-O-O Qa5 11. Bb3 Rfc8 12. h4 Ne5 13. h5 Nxh5 14. Nd5 Qxd2+
15. Rxd2 Kf8 16. g4 Bxg4 17. fxg4 Nxg4 18. Rg1 Nxe3 19. Nxe3 Bh6 20. Re1 Nf6
21. Kd1 Nxe4 22. Rh2 Bxe3 23. Rxe3 Nf6 24. Rhe2 Rc7 25. Nb5 Rd7 26. Ke1 a6 27.
Nc3 h5 28. Nd5 Nxd5 29. Bxd5 b5 30. Rd2 Kg7 31. Rg3 f6 32. Be4 g5 33. Rh2 Rh8
34. Rb3 d5 35. Rd2 Rhd8 36. Bf5 Rc7 37. Be4 Rcd7 38. Bf5 Rc7 39. Be4 Rcd7 40.
Bf5 1/2-1/2

[Event "Aust Junior Open "]
[Site "Perth "]
[Date "2004.01.16"]
[Round "4.7"]
[White "Neeman, Jeremy"]
[Black "Wei, Michael"]
[Result "1/2-1/2"]
[WhiteElo "1548"]
[BlackElo "1870"]
[PlyCount "76"]
[EventDate "2004.01.14"]
[EventType "swiss"]
[EventRounds "11"]
[EventCountry "AUS"]

1. e4 c5 2. b3 Nc6 3. Bb2 e5 4. f4 exf4 5. Nf3 d6 6. Bb5 Bd7 7. O-O Qc7 8. d4
O-O-O 9. Nc3 Nf6 10. Nd5 Nxd5 11. exd5 Ne7 12. Bxd7+ Rxd7 13. c4 Rg8 14. dxc5
Qxc5+ 15. Bd4 Qc7 16. Rc1 Nf5 17. Qd3 g6 18. b4 b6 19. Rc3 Kb8 20. Rfc1 Ka8 21.
c5 dxc5 22. bxc5 Bxc5 23. Bxc5 bxc5 24. Rxc5 Qb6 25. Kh1 f6 26. Rb5 Qd6 27. Qc3
Rdd8 28. Qa5 Rc8 29. Rcb1 Rb8 30. Rxb8+ Rxb8 31. Rxb8+ Kxb8 32. Nd2 Qb6 33. Qa4
Qe3 34. Qb4+ Kc7 35. h3 Qe1+ 36. Kh2 g5 37. Qc5+ Kb7 38. Qb5+ Kc8 1/2-1/2

[Event "Aust Junior Open "]
[Site "Perth "]
[Date "2004.01.16"]
[Round "4.8"]
[White "Zvedeniouk, Ilia"]
[Black "Wang, Zhengbo"]
[Result "1-0"]
[WhiteElo "1922"]
[BlackElo "1684"]
[PlyCount "65"]
[EventDate "2004.01.14"]
[EventType "swiss"]
[EventRounds "11"]
[EventCountry "AUS"]

1. e4 e5 2. Nf3 Nc6 3. Nc3 Nf6 4. Bb5 Bc5 5. Nxe5 Bxf2+ 6. Kxf2 Nxe5 7. d4 Ng6
8. e5 Ng8 9. Rf1 N8e7 10. Kg1 O-O 11. Qh5 d6 12. Bd3 dxe5 13. Ne4 Qxd4+ 14. Kh1
Bg4 15. Qxg4 f5 16. Qe2 fxe4 17. Bc4+ Kh8 18. Be3 Qd7 19. Bc5 Qc6 20. Ba3 Nf4
21. Bb5 Nxe2 22. Rxf8+ Rxf8 23. Bxc6 bxc6 24. Bxe7 Rf2 25. Bc5 Rf4 26. Bxa7 Kg8
27. Bc5 Kf7 28. c3 Rh4 29. a4 Ng3+ 30. Kg1 Nf5 31. a5 e3 32. a6 e2 33. Bf2 1-0

[Event "Aust Junior Open "]
[Site "Perth "]
[Date "2004.01.16"]
[Round "4.9"]
[White "Stojic, Dusan"]
[Black "Ferris, Shaun"]
[Result "1-0"]
[WhiteElo "1863"]
[BlackElo "1641"]
[PlyCount "83"]
[EventDate "2004.01.14"]
[EventType "swiss"]
[EventRounds "11"]
[EventCountry "AUS"]

1. Nf3 Nf6 2. g3 g6 3. Bg2 Bg7 4. O-O O-O 5. c4 d6 6. d3 e5 7. e4 c6 8. Nc3 h6
9. Nh4 a6 10. a4 Nbd7 11. a5 Rb8 12. Be3 c5 13. f4 Kh7 14. f5 g5 15. Nf3 Ne8
16. Nd2 Rh8 17. Qh5 Kg8 18. h4 f6 19. Qd1 Nc7 20. Bf3 Nf8 21. Bh5 Bd7 22. Na4
Na8 23. Nc3 Nc7 24. Na4 Na8 25. b4 cxb4 26. Nb6 Nxb6 27. Bxb6 Qe7 28. Qb3 Be8
29. Bxe8 Rxe8 30. Qxb4 Nd7 31. Qb3 Qf7 32. Rab1 Bf8 33. g4 h5 34. hxg5 fxg5 35.
Nf3 Kg7 36. Nxg5 Qf6 37. Ne6+ Rxe6 38. fxe6 Qxe6 39. Rf3 Qg6 40. g5 Be7 41. Be3
Rf8 42. Rbf1 1-0

[Event "Aust Junior Open "]
[Site "Perth "]
[Date "2004.01.16"]
[Round "4.10"]
[White "Vijaykumar, Rukman"]
[Black "Xie, Ken"]
[Result "0-1"]
[WhiteElo "1577"]
[BlackElo "1802"]
[PlyCount "86"]
[EventDate "2004.01.14"]
[EventType "swiss"]
[EventRounds "11"]
[EventCountry "AUS"]

1. e4 e5 2. Nf3 Nc6 3. Bb5 a6 4. Bxc6 dxc6 5. Nc3 Bd6 6. d4 exd4 7. Qxd4 f6 8.
Be3 Ne7 9. O-O-O Be6 10. Kb1 Ng6 11. Na4 b6 12. Nxb6 c5 13. Qa4+ Kf7 14. Nxa8
Qxa8 15. Rhe1 Rb8 16. Bc1 Rb4 17. Qa3 Qc6 18. b3 Qb7 19. Ka1 c4 20. Qb2 cxb3
21. axb3 Ne5 22. Rxd6 cxd6 23. Nxe5+ dxe5 24. f3 a5 25. Bd2 Rb5 26. Qa3 Qd7 27.
Bc3 Qc7 28. Re3 Qa7 29. Re1 Qf2 30. Bxa5 Qxc2 31. Rc1 Rxb3 32. Rxc2 Rxa3+ 33.
Kb2 Rxa5 34. Kc1 Ra1+ 35. Kd2 Ra2 36. Rxa2 Bxa2 37. Ke3 Ke6 38. f4 exf4+ 39.
Kxf4 g5+ 40. Kg4 Bb1 41. h4 gxh4 42. Kxh4 Bxe4 43. g3 Bg6 0-1

[Event "Aust Junior Open "]
[Site "Perth "]
[Date "2004.01.16"]
[Round "4.11"]
[White "Song, Raymond"]
[Black "Obst, James"]
[Result "0-1"]
[WhiteElo "1790"]
[BlackElo "1539"]
[PlyCount "48"]
[EventDate "2004.01.14"]
[EventType "swiss"]
[EventRounds "11"]
[EventCountry "AUS"]

1. e4 d5 2. exd5 Nf6 3. d4 Bg4 4. Be2 Bxe2 5. Qxe2 Qxd5 6. Nf3 Nc6 7. c4 Qf5 8.
O-O O-O-O 9. d5 Nb4 10. a3 Nd3 11. Qc2 e6 12. Qa4 Kb8 13. Be3 Bc5 14. Nd4 Bxd4
15. Bxd4 c5 16. Bc3 exd5 17. Ba5 Rd6 18. Nc3 a6 19. b4 d4 20. Na2 Nh5 21. b5
Nhf4 22. bxa6 Qg4 23. a7+ Ka8 24. g3 Qf3 0-1